| 000 | 00397nam a2200157Ia 4500 | ||
|---|---|---|---|
| 999 |
_c10355 _d10355 |
||
| 003 | OSt | ||
| 008 | 220308s9999 xx 000 0 und d | ||
| 020 | _a 9783966800013 | ||
| 082 |
_a720.92 _bDOS |
||
| 100 | _a Simone Vera Bader | ||
| 245 | 0 | _aBalakrishna Doshi- Writings on Architecture | |
| 260 | _b ArchiTangle GmbH (15 October 2019) | ||
| 365 | _cEUR | ||
| 365 | _d25 | ||
| 942 | _2ddc | ||